| 000 | 00631nam a2200205Ia 4500 | ||
|---|---|---|---|
| 003 | GCL | ||
| 008 | 140319s9999 xx 000 0 ara d | ||
| 040 |
_aGCL / _cGCL |
||
| 082 | 0 | 4 |
_a191 _bع م |
| 100 | 1 | _aعبدالرحمن بدوى | |
| 245 | 1 | 0 |
_aالمنطق الصورى والرياضى / _cعبدالرحمن بدوى |
| 250 | _aالرابعة | ||
| 260 |
_aالكويت : _bوكالة المطبوعات ، _c1977 |
||
| 300 |
_a317 ص ؛ _c24 سم |
||
| 490 | _a | ||
| 650 | 0 | 4 | _aالاستدلال |
| 650 | 0 | 4 | _aالمنطق الرمزى والرياضى |
| 650 | 0 | 4 | _aالمنطق الصورى |
| 942 |
_2ddc _cBK |
||
| 999 |
_c38783 _d38783 |
||